Ako chytiť zlodeja I. diel Krádeže v obchodných centrách

Bibliographic Details
Main Author: Herega, Jozef (Author)
Format: Book
Language:Slovak
PhysicalDescription:43 s. fotogr., grafy 29 cm
Published: [Hrnčiarovce nad Parnou] Jozef Herega 2012
ISBN:9788097146153
Subjects:

MARC

LEADER 00000nam a22000005a 4500
001 vtls010558085
003 SK-MaSNL
005 20260301044029.0
008 240315s2012 xo od f 000 0 slo
015 |a SNBA2013/11 
020 |a 9788097146153  |q (viaz.) 
040 |a SNK  |b slo  |c SNK  |e AACR2 
041 0 |a slo 
044 |a xo  |c SK 
072 7 |a 343  |x Trestné právo  |2 konspekt 
080 |a 343.711  |2 2001 
080 |a 343.3/.7  |2 2001 
080 |a 725.214  |2 2001 
080 |a (035)  |2 2001 
100 1 |a Herega, Jozef  |4 aut  |9 349789 
245 1 0 |a Ako chytiť zlodeja  |n I. diel  |p Krádeže v obchodných centrách  |c Jozef Herega 
246 3 0 |a Krádeže v obchodných centrách 
260 |a [Hrnčiarovce nad Parnou]  |b Jozef Herega  |c 2012 
300 |a 43 s.  |b fotogr., grafy  |c 29 cm 
500 |a Hrebeňová väzba 
650 0 7 |a krádeže  |2 SNKPH  |9 2230 
650 0 7 |a trestné činy  |2 SNKPH  |9 2181 
650 0 7 |a nákupné centrá  |2 SNKPH  |9 79092 
650 0 7 |a thefts  |2 SNKPHeng  |9 349790 
650 0 7 |a Crimes  |2 SNKPHeng  |9 306532 
650 0 7 |a Shopping centers  |2 SNKPHeng  |9 349791 
655 7 |a príručky  |2 SNKPH  |9 74364 
655 7 |a Handbooks, manuals, etc.  |2 SNKPHeng  |9 90964 
919 |a 978-80-971461-5-3 
999 |c 595039  |d 596969 
952 |a SNK  |b SNK  |y PREZ  |7 0  |p 17A1092543  |o snkSB 85814/1  |i snk2013/27605  |8 0  |0 0  |1 0  |4 0  |d 2013-11-13  |l 0  |r 2025-05-06 00:00:00  |w 2026-02-23